000 00651nam a2200241Ia 4500
005 20260121112615.0
008 7342 260114s9999 xx 000 0 eng d
020 _a9789812779519
037 _aEBOOK
040 _aCRL
_beng
_cCRL
041 _aeng
_2eng
084 _qCRL
100 _aKostelecky V Alan
_9960307
245 0 _aCpt and Lorentz Symmetry - Proceedings of the Fourth Meeting
260 _bWorld Scientific
260 _bWSPC
260 _c2008
650 _aPhysics
_9960308
856 _uhttps://www.worldscientific.com/worldscibooks/10.1142/6678#t=toc
942 _cEBOOK
999 _c1544642
_d1544642